[Event "BL2-West 2324"]
[Site "Germany"]
[Date "2024.02.04"]
[Round "6.5"]
[White "Andersen, Hans Christoph"]
[Black "Dzierzenga, Stefan"]
[Result "1/2-1/2"]
[WhiteElo "2224"]
[BlackElo "2137"]
[PlyCount "22"]
[EventDate "2023.10.21"]
[EventType "team-tourn"]
[EventRounds "10"]
[EventCountry "GER"]
[SourceTitle "EXT 2025"]
[Source "ChessBase"]
[SourceDate "2024.10.14"]
[SourceVersion "1"]
[SourceVersionDate "2024.10.14"]
[SourceQuality "1"]
[WhiteTeam "Koeln SF"]
[BlackTeam "Siegburg"]
[WhiteTeamCountry "GER"]
[BlackTeamCountry "GER"]

1. d4 Nf6 2. Nf3 c5 3. d5 b5 4. e4 Nxe4 5. Bd3 Nf6 6. Bxb5 Qa5+ 7. Nc3 Ba6 8. Bxa6 Qxa6 9. Bf4 g6 10. Qd2 Bg7 11. Qe3 0-0 1/2-1/2

[Event "BL2-West 2223"]
[Site "Germany"]
[Date "2023.02.05"]
[Round "6.8"]
[White "Agrest, Inna"]
[Black "Dzierzenga, Stefan"]
[Result "1-0"]
[WhiteElo "2260"]
[BlackElo "2179"]
[PlyCount "69"]
[EventDate "2022.10.22"]
[EventType "team-tourn"]
[EventRounds "10"]
[EventCountry "GER"]
[SourceTitle "EXT 2024"]
[Source "ChessBase"]
[SourceDate "2023.10.10"]
[SourceVersion "1"]
[SourceVersionDate "2023.10.10"]
[SourceQuality "1"]
[WhiteTeam "Duesseldorf"]
[BlackTeam "Siegburg"]
[WhiteTeamCountry "GER"]
[BlackTeamCountry "GER"]

1. e4 e6 2. d4 d5 3. Nc3 Bb4 4. a3 Bxc3+ 5. bxc3 dxe4 6. Qg4 Nf6 7. Qxg7 Rg8 8. Qh6 Bd7 9. Nh3 Rg6 10. Qd2 c5 11. a4 Qa5 12. Rb1 cxd4 13. cxd4 Qxd2+ 14. Bxd2 Nc6 15. c3 0-0-0 16. Nf4 Rgg8 17. Rb5 Ne7 18. Rc5+ Kb8 19. Be2 Rc8 20. Rxc8+ Kxc8 21. 0-0 Bc6 22. c4 Ng6 23. Nxg6 hxg6 24. Be3 a6 25. a5 Ne8 26. Rd1 Nc7 27. Bg5 f5 28. h4 Rf8 29. f3 f4 30. fxe4 Bxe4 31. Rf1 e5 32. dxe5 Ne6 33. Bf6 Bf5 34. Bf3 Nc5 35. Be7 1-0

[Event "Oberliga NRW 2122"]
[Site "Germany"]
[Date "2021.10.31"]
[Round "1.6"]
[White "Schmidt, Martin"]
[Black "Dzierzenga, Stefan"]
[Result "1/2-1/2"]
[WhiteElo "2153"]
[BlackElo "2201"]
[PlyCount "34"]
[EventDate "2021.10.31"]
[EventType "team-tourn"]
[EventRounds "9"]
[EventCountry "GER"]
[SourceTitle "EXT 2023"]
[Source "ChessBase"]
[SourceDate "2022.10.05"]
[SourceVersion "1"]
[SourceVersionDate "2022.10.05"]
[SourceQuality "1"]
[WhiteTeam "Koeln SF"]
[BlackTeam "Siegburg"]
[WhiteTeamCountry "GER"]
[BlackTeamCountry "GER"]

1. e4 e6 2. d4 d5 3. e5 c5 4. c3 Nc6 5. Nf3 Qb6 6. Bd3 Bd7 7. dxc5 Bxc5 8. 0-0 f6 9. b4 Be7 10. b5 Na5 11. Nbd2 Rc8 12. Nb3 Nxb3 13. axb3 Rxc3 14. Be3 Bc5 15. Qd2 Rxd3 16. Qxd3 Bxb5 17. Qc3 Bxe3 1/2-1/2

[Event "GER-ch Net blitz qual2"]
[Site "Playchess.com INT"]
[Date "2021.05.04"]
[Round "2"]
[White "Dzierzenga, Stefan"]
[Black "Langrock, Hannes"]
[Result "0-1"]
[WhiteElo "1874"]
[BlackElo "2239"]
[PlyCount "102"]
[EventDate "2021.05.04"]
[EventType "swiss (blitz)"]
[EventRounds "11"]
[EventCountry "GER"]
[SourceTitle "CBM 202 Extra"]
[Source "ChessBase"]
[SourceDate "2021.07.31"]
[SourceVersion "1"]
[SourceVersionDate "2021.07.31"]
[SourceQuality "1"]

1. e4 c5 2. Nf3 e6 3. d4 cxd4 4. Nxd4 Nf6 5. Nc3 Nc6 6. Be3 Bb4 7. Bd3 d5 8. exd5 Nxd5 9. Nxc6 bxc6 10. Bd2 Nxc3 11. bxc3 Bc5 12. 0-0 g6 13. Bh6 Bf8 14. Bxf8 Kxf8 15. Qf3 Kg7 16. Qxc6 Bd7 17. Qe4 Qc7 18. c4 Qc5 19. Rab1 Bc6 20. Qe2 Rad8 21. h3 Rd4 22. Rb3 Rhd8 23. Qe3 a5 24. Re1 a4 25. Rbb1 Qa5 26. Qe5+ Qxe5 27. Rxe5 Kf6 28. Rc5 Be4 29. Ra5 Bxd3 30. cxd3 Rxd3 31. Rxa4 Rd2 32. Ra3 Rc2 33. Rf3+ Kg7 34. Rb7 Rf8 35. Rc7 Rxa2 36. c5 Rc2 37. c6 Rc5 38. g4 h5 39. Kg2 hxg4 40. hxg4 g5 41. Kg3 Kg6 42. Re3 Rd8 43. Rf3 f6 44. Re3 Rd6 45. f4 gxf4+ 46. Kxf4 Rcxc6 47. Rxc6 Rxc6 48. Re4 e5+ 49. Kg3 Kg5 50. Re3 Rc4 51. Kh3 Rxg4 0-1

[Event "GER-ch Net blitz qual2"]
[Site "Playchess.com INT"]
[Date "2021.05.04"]
[Round "3"]
[White "Heerde, Thomas"]
[Black "Dzierzenga, Stefan"]
[Result "0-1"]
[WhiteElo "1663"]
[BlackElo "1874"]
[PlyCount "62"]
[EventDate "2021.05.04"]
[EventType "swiss (blitz)"]
[EventRounds "11"]
[EventCountry "GER"]
[SourceTitle "CBM 202 Extra"]
[Source "ChessBase"]
[SourceDate "2021.07.31"]
[SourceVersion "1"]
[SourceVersionDate "2021.07.31"]
[SourceQuality "1"]

1. e4 e6 2. d3 d5 3. Nd2 Ne7 4. g3 g6 5. Bg2 Bg7 6. f4 0-0 7. Ngf3 c5 8. 0-0 Nbc6 9. c3 b5 10. a4 b4 11. e5 bxc3 12. bxc3 Ba6 13. Qc2 Rb8 14. Ba3 Qa5 15. Rfb1 Rfc8 16. Nb3 Rxb3 17. Rxb3 Bxd3 18. Qb2 c4 19. Rb7 Nf5 20. Ng5 Nd8 21. Rd7 h6 22. Nf3 Qxa4 23. Rxd8+ Rxd8 24. Be7 Qd7 25. Bxd8 Qxd8 26. Rxa7 Bf8 27. Ra1 Bc5+ 28. Kh1 Ne3 29. Bh3 Be4 30. Bg2 g5 31. fxg5 hxg5 0-1

[Event "GER-ch Net blitz qual5"]
[Site "Playchess.com INT"]
[Date "2020.03.28"]
[Round "7"]
[White "Ahlberg, Matthias"]
[Black "Dzierzenga, Stefan"]
[Result "0-1"]
[WhiteElo "2207"]
[BlackElo "2194"]
[PlyCount "82"]
[EventDate "2020.03.28"]
[EventType "swiss (blitz)"]
[EventRounds "13"]
[EventCountry "GER"]
[SourceTitle "CBM 195 Extra"]
[Source "ChessBase"]
[SourceDate "2020.05.31"]
[SourceVersion "1"]
[SourceVersionDate "2020.05.31"]
[SourceQuality "1"]

1. e4 e6 2. Qe2 Ne7 3. b3 d5 4. e5 c5 5. Bb2 Nbc6 6. f4 a6 7. Nf3 b5 8. d4 cxd4 9. Nxd4 Nxd4 10. Bxd4 Nc6 11. c3 Nxd4 12. cxd4 Bb4+ 13. Kf2 0-0 14. a3 Be7 15. Nd2 f6 16. Nf3 fxe5 17. fxe5 Qb6 18. Qd2 Bd7 19. Bd3 Qxd4+ 20. Kg3 Rxf3+ 21. gxf3 Qxe5+ 22. Kg2 Qf6 23. Rhg1 Rf8 24. Raf1 Bxa3 25. Kh1 Bd6 26. Rg2 Bf4 27. Qc2 h6 28. Rg6 Qh4 29. Rfg1 Rf7 30. R6g4 Qf6 31. Bh7+ Kh8 32. Bg6 Rf8 33. Bd3 Be3 34. R1g2 Qxf3 35. Rxg7 Rf5 36. Rg8+ Kh7 37. Bxf5+ exf5 38. R8g7+ Kh8 39. Qb2 d4 40. h4 Bc6 41. Qc2 Qh3# 0-1

[Event "GER-ch Net blitz qual2"]
[Site "Playchess.com INT"]
[Date "2020.03.16"]
[Round "6"]
[White "Rosner, Jonas"]
[Black "Dzierzenga, Stefan"]
[Result "1-0"]
[WhiteElo "2432"]
[BlackElo "2194"]
[PlyCount "49"]
[EventDate "2020.03.16"]
[EventType "swiss (blitz)"]
[EventRounds "9"]
[EventCountry "GER"]
[SourceTitle "CBM 195 Extra"]
[Source "ChessBase"]
[SourceDate "2020.05.31"]
[SourceVersion "1"]
[SourceVersionDate "2020.05.31"]
[SourceQuality "1"]

1. d4 Nf6 2. Nf3 c5 3. d5 b5 4. c3 Bb7 5. e4 Nxe4 6. Bxb5 Nf6 7. c4 e6 8. dxe6 fxe6 9. 0-0 Be7 10. Nc3 0-0 11. Bf4 Nc6 12. Bd6 Ne8 13. Bxe7 Qxe7 14. Re1 Nc7 15. Ba4 Qf7 16. Bc2 Nd4 17. Bxh7+ Kh8 18. Be4 Nxf3+ 19. Qxf3 Bxe4 20. Nxe4 Qxf3 21. gxf3 Na6 22. Rad1 Rad8 23. Kg2 d5 24. Ng5 Rf6 25. Nxe6 1-0

[Event "AUT-chT2O 1920"]
[Site "Austria"]
[Date "2019.11.17"]
[Round "4.4"]
[White "Dzierzenga, Stefan"]
[Black "Newrkla, Katharina"]
[Result "1/2-1/2"]
[WhiteElo "2188"]
[BlackElo "2217"]
[PlyCount "59"]
[EventDate "2019.10.19"]
[EventType "team-tourn"]
[EventRounds "11"]
[EventCountry "AUT"]
[SourceTitle "CBM 193 Extra"]
[Source "ChessBase"]
[SourceDate "2020.01.31"]
[SourceVersion "1"]
[SourceVersionDate "2020.01.31"]
[SourceQuality "1"]
[WhiteTeam "Baden Invest"]
[BlackTeam "Wien Austria"]
[WhiteTeamCountry "AUT"]
[BlackTeamCountry "AUT"]

1. e4 c5 2. Be2 Nc6 3. f4 g6 4. Nf3 Bg7 5. d3 d6 6. 0-0 e5 7. fxe5 dxe5 8. Nc3 Nge7 9. Be3 Nd4 10. Qd2 0-0 11. Bd1 b6 12. Bh6 Nxf3+ 13. Bxf3 Be6 14. Bg5 f6 15. Be3 Qd7 16. Qf2 Rad8 17. a4 Nc6 18. a5 Nd4 19. axb6 axb6 20. Ra6 Qb7 21. Raa1 Ra8 22. Bxd4 cxd4 23. Nb5 Qd7 24. c4 dxc3 25. Nxc3 Qxd3 26. Qxb6 Qd4+ 27. Qxd4 exd4 28. Nd5 Bxd5 29. exd5 f5 30. b4 1/2-1/2

[Event "AUT-chT2O 1819"]
[Site "Austria"]
[Date "2019.03.31"]
[Round "11.5"]
[White "Dzierzenga, Stefan"]
[Black "Sadilek, Peter"]
[Result "1/2-1/2"]
[WhiteElo "2212"]
[BlackElo "2291"]
[PlyCount "60"]
[EventDate "2018.10.06"]
[EventType "team-tourn"]
[EventRounds "11"]
[EventCountry "AUT"]
[SourceTitle "CBM 189 Extra"]
[Source "ChessBase"]
[SourceDate "2019.05.31"]
[SourceVersion "1"]
[SourceVersionDate "2019.05.31"]
[SourceQuality "1"]
[WhiteTeam "Baden Invest"]
[BlackTeam "Tschaturanga"]
[WhiteTeamCountry "AUT"]
[BlackTeamCountry "AUT"]

1. e4 d6 2. d4 Nf6 3. Nc3 g6 4. Bg5 c6 5. Qd2 Nbd7 6. Nf3 Bg7 7. 0-0-0 b5 8. e5 b4 9. exf6 bxc3 10. Qxc3 Nxf6 11. Bc4 0-0 12. Rhe1 Rb8 13. h3 c5 14. Bb3 cxd4 15. Nxd4 Bd7 16. Nc6 Bxc6 17. Qxc6 Qa5 18. Bd2 Qf5 19. g4 Qxf2 20. Rxe7 d5 21. Qc7 Ne4 22. Qf4 Qc5 23. Rc7 Qd4 24. c3 Qb6 25. Be3 Be5 26. Qxe5 Qxe3+ 27. Kc2 Qe2+ 28. Kc1 Qe3+ 29. Kc2 Qe2+ 30. Kc1 Qe3+ 1/2-1/2

[Event "AUT-chT2O 1819"]
[Site "Austria"]
[Date "2019.01.13"]
[Round "7.3"]
[White "Dzierzenga, Stefan"]
[Black "Lipp, Alfred"]
[Result "1/2-1/2"]
[WhiteElo "2212"]
[BlackElo "1996"]
[PlyCount "66"]
[EventDate "2018.10.06"]
[EventType "team-tourn"]
[EventRounds "11"]
[EventCountry "AUT"]
[SourceTitle "CBM 189 Extra"]
[Source "ChessBase"]
[SourceDate "2019.05.31"]
[SourceVersion "1"]
[SourceVersionDate "2019.05.31"]
[SourceQuality "1"]
[WhiteTeam "Baden Invest"]
[BlackTeam "Wiener Amateur CC "]
[WhiteTeamCountry "AUT"]
[BlackTeamCountry "AUT"]

1. e4 c5 2. Nf3 d6 3. d4 cxd4 4. Nxd4 Nf6 5. Nc3 g6 6. Be3 Bg7 7. f3 0-0 8. Qd2 Nc6 9. g4 Be6 10. Nxe6 fxe6 11. 0-0-0 Ne5 12. Be2 Rc8 13. Nb5 Qd7 14. Qb4 a6 15. Nd4 b5 16. Kb1 Nc4 17. Bc1 e5 18. Nb3 Qa7 19. Qe1 Nd7 20. Na5 Ndb6 21. Nxc4 Nxc4 22. b3 Nb6 23. Be3 Qc7 24. Qd2 Rfd8 25. h4 e6 26. Bg5 Rd7 27. Bd3 d5 28. h5 Nc4 29. Bxc4 bxc4 30. hxg6 hxg6 31. Bh6 cxb3 32. cxb3 dxe4 33. Qxd7 Qc2+ 1/2-1/2

[Event "AUT-chT2O 1819"]
[Site "Austria"]
[Date "2019.01.12"]
[Round "6.5"]
[White "Mozny, Milos"]
[Black "Dzierzenga, Stefan"]
[Result "1-0"]
[WhiteElo "2283"]
[BlackElo "2212"]
[PlyCount "67"]
[EventDate "2018.10.06"]
[EventType "team-tourn"]
[EventRounds "11"]
[EventCountry "AUT"]
[SourceTitle "CBM 189 Extra"]
[Source "ChessBase"]
[SourceDate "2019.05.31"]
[SourceVersion "1"]
[SourceVersionDate "2019.05.31"]
[SourceQuality "1"]
[WhiteTeam "Hietzing"]
[BlackTeam "Baden Invest"]
[WhiteTeamCountry "AUT"]
[BlackTeamCountry "AUT"]

1. d4 Nf6 2. Nf3 c5 3. c4 cxd4 4. Nxd4 e5 5. Nb5 d5 6. cxd5 Bc5 7. e3 0-0 8. N5c3 e4 9. a3 Qe7 10. b4 Bd6 11. Nd2 Be5 12. Bb2 Rd8 13. Qc2 Bf5 14. Be2 Nxd5 15. Nxd5 Rxd5 16. Bxe5 Qxe5 17. 0-0 Nc6 18. Rad1 Rad8 19. Nc4 Qf6 20. Rxd5 Rxd5 21. Rd1 Rxd1+ 22. Qxd1 h6 23. h3 Qc3 24. Nd6 Bg6 25. h4 h5 26. g3 Qxa3 27. Bxh5 Bxh5 28. Qxh5 Qb3 29. Kg2 Nxb4 30. Qb5 a5 31. Qe8+ Kh7 32. Nxf7 Qd5 33. g4 g6 34. Qh8# 1-0

[Event "AUT-chT2O 1819"]
[Site "Austria"]
[Date "2018.11.04"]
[Round "4.6"]
[White "Dzierzenga, Stefan"]
[Black "Hechl, Fabian"]
[Result "1-0"]
[WhiteElo "2212"]
[BlackElo "1986"]
[PlyCount "89"]
[EventDate "2018.10.06"]
[EventType "team-tourn"]
[EventRounds "11"]
[EventCountry "AUT"]
[SourceTitle "CBM 187 Extra"]
[Source "ChessBase"]
[SourceDate "2018.11.04"]
[SourceVersion "1"]
[SourceVersionDate "2018.11.04"]
[SourceQuality "1"]
[WhiteTeam "Baden Invest"]
[BlackTeam "Donaustadt"]
[WhiteTeamCountry "AUT"]
[BlackTeamCountry "AUT"]

1. e4 e5 2. Nf3 d6 3. d4 exd4 4. Nxd4 Nf6 5. Nc3 Be7 6. g3 0-0 7. Bg2 Re8 8. 0-0 Bf8 9. b3 c5 10. Nde2 Bd7 11. Nf4 Bc6 12. Nfd5 Nbd7 13. Re1 g6 14. Bb2 Bg7 15. Qd3 Ne5 16. Qd2 Bxd5 17. Nxd5 Qd7 18. Bxe5 Rxe5 19. Nxf6+ Bxf6 20. Rad1 Rd8 21. f4 Re7 22. Kh1 Bg7 23. Re3 Qe6 24. Rd3 Red7 25. h4 c4 26. Rd5 Rc7 27. b4 Rc6 28. b5 Rb6 29. a4 Qd7 30. Qb4 a6 31. Qxc4 Rc8 32. Qe2 axb5 33. axb5 Qc7 34. Qf2 Ra8 35. e5 Ra2 36. exd6 Qd8 37. Qc5 Ra5 38. c4 Rc6 39. bxc6 Rxc5 40. Rxc5 bxc6 41. Rxc6 Qd7 42. Rc7 Qg4 43. Rd3 Qe2 44. Rc8+ Bf8 45. d7 1-0

[Event "Mittelrhein Regionalliga 18/19"]
[Site "Nordrheinwestfalen"]
[Date "2018.09.02"]
[Round "1.7"]
[White "Dzierzenga, Stefan"]
[Black "Winkels, Marcel"]
[Result "0-1"]
[WhiteElo "2146"]
[BlackElo "1926"]
[PlyCount "88"]
[EventDate "2018.10.28"]
[EventType "team-tourn"]
[EventRounds "11"]
[EventCountry "GER"]
[SourceTitle "EXT 2022"]
[Source "ChessBase"]
[SourceDate "2021.10.06"]
[SourceVersion "1"]
[SourceVersionDate "2021.10.06"]
[SourceQuality "1"]
[WhiteTeam "Bonn Beuel"]
[BlackTeam "Alsdorf SVG"]
[WhiteTeamCountry "GER"]
[BlackTeamCountry "GER"]

1. e4 c5 2. Nf3 d6 3. d4 cxd4 4. Nxd4 Nf6 5. Nc3 a6 6. Be3 e5 7. Nb3 Be6 8. h3 Be7 9. g4 d5 10. exd5 Nxd5 11. Nxd5 Qxd5 12. Rg1 Qxd1+ 13. Rxd1 Nc6 14. a3 Rd8 15. Rxd8+ Kxd8 16. Nc5 Bxc5 17. Bxc5 Kc7 18. Bd3 Bd5 19. Rg3 Re8 20. h4 g6 21. g5 Ne7 22. h5 e4 23. Be2 Nf5 24. Rc3 Re6 25. Bg4 Rc6 26. Bxf5 gxf5 27. Ke2 f4 28. Bd4 Kd6 29. Rxc6+ Bxc6 30. Bf6 Bb5+ 31. Kd2 Ke6 32. Bd8 Kf5 33. h6 Kg4 34. Be7 Kf3 35. Bc5 Kg2 36. Ke1 Ba4 37. b3 Bd7 38. Bd4 Bg4 39. Bb6 Kf3 40. Kd2 Bf5 41. Bd4 Kg4 42. Bf6 e3+ 43. fxe3 f3 44. Ke1 Kg3 0-1

[Event "Wiesbaden op 30th"]
[Site "Wiesbaden"]
[Date "2018.08.23"]
[Round "1"]
[White "Launert, Martin"]
[Black "Dzierzenga, Stefan"]
[Result "0-1"]
[WhiteElo "1859"]
[BlackElo "2196"]
[PlyCount "74"]
[EventDate "2018.08.23"]
[EventType "swiss"]
[EventRounds "7"]
[EventCountry "GER"]
[SourceTitle "CBM 186 Extra"]
[Source "ChessBase"]
[SourceDate "2018.08.24"]
[SourceVersion "1"]
[SourceVersionDate "2018.08.24"]
[SourceQuality "1"]

1. e4 e6 2. d4 d5 3. exd5 exd5 4. Bd3 Bd6 5. Nf3 Ne7 6. Bg5 f6 7. Bh4 0-0 8. Bg3 Ng6 9. Bxd6 Qxd6 10. Bxg6 hxg6 11. 0-0 g5 12. Qd3 Nc6 13. Nbd2 Ne7 14. c4 c6 15. Nb3 Bf5 16. Qc3 Ng6 17. cxd5 Qxd5 18. Qc5 Rfd8 19. Qxd5+ Rxd5 20. g3 Bc2 21. Nfd2 Ne7 22. Rfc1 Bg6 23. Nc4 Nf5 24. Ne3 Rd6 25. Rd1 a5 26. Nc4 Rdd8 27. Ncxa5 Nxd4 28. Rxd4 Rxd4 29. Nxd4 Rxa5 30. a3 Rd5 31. Nf3 Rd3 32. Ne1 Rb3 33. Ng2 Rxb2 34. Ne3 b5 35. f4 gxf4 36. gxf4 Be4 37. Rc1 Rb3 0-1

[Event "Mittelrhein Regionalliga 1718"]
[Site "Nordrheinwestfalen"]
[Date "2018.02.04"]
[Round "6.7"]
[White "Dzierzenga, Stefan"]
[Black "Koegler, Christof"]
[Result "1/2-1/2"]
[WhiteElo "2096"]
[BlackElo "1984"]
[PlyCount "133"]
[EventDate "2017.09.10"]
[EventType "team-tourn"]
[EventRounds "9"]
[EventCountry "GER"]
[SourceTitle "EXT 2022"]
[Source "ChessBase"]
[SourceDate "2021.10.06"]
[SourceVersion "1"]
[SourceVersionDate "2021.10.06"]
[SourceQuality "1"]
[WhiteTeam "Bonn Beuel"]
[BlackTeam "Godesberg II"]
[WhiteTeamCountry "GER"]
[BlackTeamCountry "GER"]

1. e4 c5 2. Nf3 d6 3. d4 cxd4 4. Nxd4 Nf6 5. Nc3 a6 6. Nb3 e6 7. g4 b5 8. Bg2 Bb7 9. g5 Nfd7 10. Qe2 Be7 11. h4 Ne5 12. Be3 Nc4 13. 0-0-0 Nd7 14. Kb1 Nxe3 15. Qxe3 Ne5 16. f4 Nc4 17. Qh3 Qb6 18. Rd3 b4 19. Nd1 a5 20. f5 a4 21. Nd2 Ne5 22. fxe6 fxe6 23. Re3 Bc8 24. Bf1 0-0 25. Be2 Qc5 26. Nf3 Nc4 27. Bxc4 Qxc4 28. Nd2 Qd4 29. Nf3 Qc5 30. Rd3 b3 31. Rc3 bxa2+ 32. Ka1 Qa7 33. e5 Bd7 34. Qg4 d5 35. Nd4 a3 36. Nc6 axb2+ 37. Nxb2 Bxc6 38. Qxe6+ Kh8 39. Qxc6 d4 40. Rc4 Ba3 41. Na4 d3 42. Kxa2 Be7 43. cxd3 Rf2+ 44. Ka1 Ba3 45. Rb1 Bc5 46. Rb7 Bd4+ 47. Kb1 Qa5 48. Rxd4 Qd2 49. Rb2 Qd1+ 50. Ka2 Rxb2+ 51. Kxb2 Rb8+ 52. Nb6 Qd2+ 53. Kb3 Qd1+ 54. Kb4 Qd2+ 55. Kc5 Qa5+ 56. Qb5 Qc3+ 57. Qc4 Qa5+ 58. Qb5 Qc3+ 59. Kd5 Qc7 60. Rb4 Qf7+ 61. Kd4 Qf4+ 62. Kd5 Qf7+ 63. Ke4 Qf2 64. d4 Qxh4+ 65. Kd3 Qh3+ 66. Kc4 Qf1+ 67. Kc3 1/2-1/2

[Event "Mittelrhein Regionalliga 1718"]
[Site "Nordrheinwestfalen"]
[Date "2017.12.03"]
[Round "4.6"]
[White "Dzierzenga, Stefan"]
[Black "Statz, Samuel"]
[Result "1/2-1/2"]
[WhiteElo "2099"]
[BlackElo "1952"]
[PlyCount "30"]
[EventDate "2017.09.10"]
[EventType "team-tourn"]
[EventRounds "9"]
[EventCountry "GER"]
[SourceTitle "EXT 2022"]
[Source "ChessBase"]
[SourceDate "2021.10.06"]
[SourceVersion "1"]
[SourceVersionDate "2021.10.06"]
[SourceQuality "1"]
[WhiteTeam "Bonn Beuel"]
[BlackTeam "Wuerselen"]
[WhiteTeamCountry "GER"]
[BlackTeamCountry "GER"]

1. e4 e5 2. Nf3 Nc6 3. Bb5 Bb4 4. 0-0 Nge7 5. c3 Ba5 6. Na3 d6 7. h3 0-0 8. d4 exd4 9. cxd4 d5 10. exd5 Qxd5 11. Bc4 Qh5 12. Bf4 Nd5 13. Bg3 a6 14. Ne5 Qxd1 15. Rfxd1 Nce7 1/2-1/2

[Event "AUT-chT2O 1718"]
[Site "Austria"]
[Date "2017.10.21"]
[Round "1.1"]
[White "Dzierzenga, Stefan"]
[Black "Sardy, Peter"]
[Result "0-1"]
[WhiteElo "2200"]
[BlackElo "2321"]
[PlyCount "48"]
[EventDate "2017.10.21"]
[EventType "team-tourn"]
[EventRounds "11"]
[EventCountry "AUT"]
[SourceTitle "CBM 181 Extra"]
[Source "ChessBase"]
[SourceDate "2017.12.12"]
[SourceVersion "1"]
[SourceVersionDate "2017.12.12"]
[SourceQuality "1"]
[WhiteTeam "Baden Invest"]
[BlackTeam "Austria"]
[WhiteTeamCountry "AUT"]
[BlackTeamCountry "AUT"]

1. e4 c5 2. Nf3 e6 3. d4 cxd4 4. Nxd4 d6 5. Nc3 a6 6. Be3 b5 7. Bd3 Nf6 8. f3 Nbd7 9. a4 b4 10. Nc6 Qc7 11. Nxb4 d5 12. Nba2 Bd6 13. Qd2 0-0 14. Rd1 Bb7 15. g3 Rfd8 16. 0-0 Nc5 17. Bg5 dxe4 18. Bxf6 gxf6 19. fxe4 Be5 20. Qh6 Bd4+ 21. Rf2 Bxf2+ 22. Kxf2 Qe5 23. b4 Nxe4+ 24. Kf1 Qf5+ 0-1

[Event "AUT-chT2O 1617"]
[Site "Austria"]
[Date "2017.04.02"]
[Round "11.4"]
[White "Dzierzenga, Stefan"]
[Black "Stadler, Peter"]
[Result "1/2-1/2"]
[WhiteElo "2221"]
[BlackElo "2082"]
[PlyCount "67"]
[EventDate "2016.10.15"]
[EventType "team-tourn"]
[EventRounds "11"]
[EventCountry "AUT"]
[SourceTitle "CBM 177 Extra"]
[Source "ChessBase"]
[SourceDate "2017.04.27"]
[SourceVersion "1"]
[SourceVersionDate "2017.04.27"]
[SourceQuality "1"]
[WhiteTeam "Baden Invest"]
[BlackTeam "Hietzing"]
[WhiteTeamCountry "AUT"]
[BlackTeamCountry "AUT"]

1. e4 c5 2. Nf3 e6 3. d3 Nc6 4. g3 Nf6 5. Bg2 d5 6. Nbd2 Be7 7. 0-0 Rb8 8. Re1 b5 9. e5 Nd7 10. Nf1 b4 11. h4 a5 12. Bf4 Nb6 13. N1h2 Bd7 14. Ng5 Nd4 15. c3 bxc3 16. bxc3 Ba4 17. Qg4 Nc2 18. Nxe6 fxe6 19. Qxg7 Kd7 20. Ng4 Nxe1 21. Rxe1 Qf8 22. Nf6+ Kc8 23. Qg4 Qf7 24. c4 dxc4 25. dxc4 Bd7 26. Nxd7 Nxd7 27. Qf3 Rb6 28. Qa8+ Nb8 29. Qxa5 Rb4 30. a3 Rb2 31. Qc3 Rb6 32. Qa5 Rb2 33. Qc3 Rb6 34. Qa5 1/2-1/2

[Event "AUT-chT2O 1617"]
[Site "Austria"]
[Date "2017.04.01"]
[Round "10.3"]
[White "Dzierzenga, Stefan"]
[Black "Rongitsch, Thomas"]
[Result "1/2-1/2"]
[WhiteElo "2221"]
[BlackElo "2092"]
[PlyCount "64"]
[EventDate "2016.10.15"]
[EventType "team-tourn"]
[EventRounds "11"]
[EventCountry "AUT"]
[SourceTitle "CBM 177 Extra"]
[Source "ChessBase"]
[SourceDate "2017.04.27"]
[SourceVersion "1"]
[SourceVersionDate "2017.04.27"]
[SourceQuality "1"]
[WhiteTeam "Baden Invest"]
[BlackTeam "Nickelsdorf Blackburne II"]
[WhiteTeamCountry "AUT"]
[BlackTeamCountry "AUT"]

1. e4 c6 2. Ne2 d5 3. e5 c5 4. b4 cxb4 5. d4 Nc6 6. a3 e6 7. axb4 Bxb4+ 8. c3 Be7 9. Ng3 g6 10. Bd3 h5 11. Qc2 h4 12. Ne2 g5 13. h3 Bd7 14. f4 Nh6 15. Na3 a6 16. Qd2 Rg8 17. fxg5 Bxg5 18. Qd1 Bxc1 19. Qxc1 Qg5 20. Qxg5 Rxg5 21. 0-0 0-0-0 22. Rf6 Rh8 23. Nc2 Be8 24. Rf4 Ng8 25. Ne1 Nce7 26. Nf3 Rgh5 27. Nh2 Rg5 28. Ng4 Nh6 29. Ne3 Nhg8 30. Ng4 Nh6 31. Ne3 Nhg8 32. Ng4 Nh6 1/2-1/2

[Event "Mittelrhein Regionalliga 16/17"]
[Site "Nordrheinwestfalen"]
[Date "2017.03.19"]
[Round "9.7"]
[White "Dzierzenga, Stefan"]
[Black "Biedekoepper, Robert"]
[Result "1-0"]
[WhiteElo "2092"]
[BlackElo "1984"]
[PlyCount "69"]
[EventDate "2016.09.11"]
[EventType "team-tourn"]
[EventRounds "11"]
[EventCountry "GER"]
[SourceTitle "EXT 2022"]
[Source "ChessBase"]
[SourceDate "2021.10.06"]
[SourceVersion "1"]
[SourceVersionDate "2021.10.06"]
[SourceQuality "1"]
[WhiteTeam "Bonn Beuel"]
[BlackTeam "Godesberg II"]
[WhiteTeamCountry "GER"]
[BlackTeamCountry "GER"]

1. e4 c5 2. Nf3 Nc6 3. d4 cxd4 4. Nxd4 e6 5. Nc3 Qc7 6. Be3 a6 7. Qd2 Nf6 8. f3 Be7 9. g4 d6 10. 0-0-0 Ne5 11. g5 Nfd7 12. f4 Nc4 13. Bxc4 Qxc4 14. f5 Ne5 15. Rhf1 Ng4 16. h3 Nxe3 17. Qxe3 Bd7 18. h4 0-0-0 19. fxe6 fxe6 20. Rf7 Bf8 21. Nb3 Kb8 22. Rdf1 Qb4 23. a3 Qc4 24. Qb6 Qc7 25. Qd4 Rg8 26. Kb1 Qc6 27. R1f3 Ka8 28. Qf2 Qc8 29. Qb6 Bc6 30. Na5 Rd7 31. Nxc6 bxc6 32. Rxd7 Qxd7 33. Qxa6+ Kb8 34. Na4 Kc7 35. Qa5+ 1-0

[Event "AUT-chT2O 1617"]
[Site "Austria"]
[Date "2017.01.15"]
[Round "7.1"]
[White "Dzierzenga, Stefan"]
[Black "Ganaus, Hannes"]
[Result "1/2-1/2"]
[WhiteElo "2221"]
[BlackElo "2277"]
[PlyCount "71"]
[EventDate "2016.10.15"]
[EventType "team-tourn"]
[EventRounds "11"]
[EventCountry "AUT"]
[SourceTitle "CBM 177 Extra"]
[Source "ChessBase"]
[SourceDate "2017.04.27"]
[SourceVersion "1"]
[SourceVersionDate "2017.04.27"]
[SourceQuality "1"]
[WhiteTeam "Baden Invest"]
[BlackTeam "Poechlarn"]
[WhiteTeamCountry "AUT"]
[BlackTeamCountry "AUT"]

1. e4 c6 2. d4 d5 3. e5 Bf5 4. h4 c5 5. Bb5+ Nc6 6. dxc5 Bd7 7. Bxc6 bxc6 8. Qd4 e6 9. Nd2 Ne7 10. Nb3 Nf5 11. Qa4 h5 12. Nf3 Be7 13. Bd2 Qc7 14. Ba5 Qb7 15. Bc3 Rh6 16. Qb4 Qc7 17. Nbd4 Rb8 18. Qa3 Nxd4 19. Bxd4 Rg6 20. 0-0-0 Rb5 21. g3 Ra5 22. Qb3 Bxc5 23. Bxc5 Rxc5 24. Rd4 Rb5 25. Rb4 Rxb4 26. Qxb4 c5 27. Qd2 Rg4 28. Re1 Bc6 29. Nh2 Ra4 30. a3 Qa5 31. Qxa5 Rxa5 32. Nf3 Rb5 33. Nd2 a5 34. Nb3 a4 35. Nd2 Ke7 36. Nb1 1/2-1/2